| 000 | 00759nam a2200217Ii 4500 | ||
|---|---|---|---|
| 003 | JO-AjNU | ||
| 008 | 230605s9999||||xx |||||||||||||| ||und|| | ||
| 017 | _a2479/8/2007 | ||
| 040 |
_aJO-AjNU _bara _erda _cJO-AjNU |
||
| 041 | _aara | ||
| 050 | 1 | 4 | _aQ179.94.Q26 2008 |
| 100 | 3 |
_aقندلجي ،عامر , _eauthor _957775 |
|
| 245 | 0 | 0 | _aالبحث العلمي واستخدام مصادر المعلومات التقليديه والالكترونيه |
| 250 | _aط العربية | ||
| 264 | 3 | 1 | _aعمان: دار اليازوري، 2008 |
| 300 | _a429ص | ||
| 336 |
_atext _btxt _2rdacontent |
||
| 337 |
_aunmediated _bn _2rdamedia |
||
| 338 |
_avolume _bnc _2rdacarrier |
||
| 650 | 4 |
_aالبحث العلمي -مصادر المعلومات _957776 |
|
| 999 |
_aA25910 _c29478 _d29478 |
||